00449nam a2200169Ia 4500008004100000020001400041040001900055041001200074082002800086100002100114245003400135260002700169300001900196650002000215651002300235850002100258131103s9999 xx 000 0 und d a330201018 aLoreto College aEnglish a823.91/HEYbLCBED/10551 aHeyer, Georgette aRoyal escapecGeorgette Heyer aLondonbPan bookc1965 a382p. c 18cm. aEnglish fiction aEnglish literature aLCBED/823.91/HEY